Datum a čas kvízu
34.5
Celkem bodů
Celkový počet nahraných bodů na tomto kvízu bez doplňovacích otázek.
5.
Pořadí na kvízu
Konečné umístění týmu na tomto kvízu.
Zaznamenané odpovědi
| # | Otázka | Odpověď | Body | Výsledky |
|---|---|---|---|---|
| 1. | Z jablonecké věznice Rýnovice... | Jaroslav Barták | 1 | |
| 2. | Ve které zemi minulý týden pro... | v Íránu | 1 | |
| 3. | Britský rapper Stormzy vydal m... | Usain Bolt | 1 | |
| 4. | V pondělí rozhodl soud, že jed... | Goodyear | 1 | |
| 5. | Generální manažer české hokejo... | Petr Nedvěd | 0 | |
| 6. | Vítězné téma facebookového hla... | C. Attlee, H. Truman, Stalin | 0 | |
| 7. | Vyberte název první umělé vesm... | C | 0 | |
| 8. | Jak se jmenoval tento muž a kt... | Josip Tito, Jugoslávie | 1 | |
| 9. | V roce 1988 došlo nad skotským... | Muammar Kaddáfí | 0 | |
| 10. | Seřaďte níže vypsané události... | 1B 2C 3A 4D | 0 |